Marine steam boilers / (Record no. 3285)

000 -LEADER
fixed length control field 00497nam a22001817a 4500
008 - FIXED-LENGTH DATA ELEMENTS--GENERAL INFORMATION
fixed length control field 200326b ||||| |||| 00| 0 eng d
020 ## - INTERNATIONAL STANDARD BOOK NUMBER
International Standard Book Number 0408004169
082 00 - DEWEY DECIMAL CLASSIFICATION NUMBER
Classification number 623.873
Item number M6621
100 ## - MAIN ENTRY--PERSONAL NAME
9 (RLIN) 1939
Personal name Milton, J. H.
245 10 - TITLE STATEMENT
Title Marine steam boilers /
250 ## - EDITION STATEMENT
Edition statement 4th ed.
260 ## - PUBLICATION, DISTRIBUTION, ETC. (IMPRINT)
Place of publication, distribution, etc London
Name of publisher, distributor, etc Butterworths
Date of publication, distribution, etc 1980
300 ## - PHYSICAL DESCRIPTION
Extent 591 p.
490 0# - SERIES STATEMENT
Series statement Marine Engineering Series
650 #0 - SUBJECT ADDED ENTRY--TOPICAL TERM
Topical term or geographic name as entry element Marine Steam Boilers
700 ## - ADDED ENTRY--PERSONAL NAME
9 (RLIN) 2786
Personal name Leach, Roy M.
942 ## - ADDED ENTRY ELEMENTS (KOHA)
Item type Books
Holdings
Withdrawn status Lost status Source of classification or shelving scheme Damaged status Not for loan Permanent location Current location Date acquired Full call number Barcode Date last seen Koha item type Total Checkouts Date last borrowed Total Renewals Checked out
          IMU Kolkata IMU Kolkata 2020-03-26 623.873 M6621 05665 2020-03-26 Books        
          IMU Kolkata IMU Kolkata 2020-03-26 623.873 M6621 05668 2020-03-26 Books        
          IMU Kolkata IMU Kolkata 2020-03-26 623.873 M6621 05670 2025-09-04 Books 5 2025-08-25    
          IMU Kolkata IMU Kolkata 2020-03-26 623.873 M6621 05675 2020-03-26 Books        
          IMU Kolkata IMU Kolkata 2020-03-26 623.873 M6621 05678 2020-03-26 Books        
          IMU Kolkata IMU Kolkata 2020-03-26 623.873 M6621 05680 2025-10-17 Books 2 2025-10-17    
          IMU Kolkata IMU Kolkata 2020-03-26 623.873 M6621 05683 2025-12-12 Books 4 2024-12-11 1  
          IMU Kolkata IMU Kolkata 2020-03-26 623.873 M6621 05684 2024-04-30 Books 1 2024-04-16    
          IMU Kolkata IMU Kolkata 2020-07-01 623.873 M6621 06889 2025-11-08 Books 2 2025-11-03    
          IMU Kolkata IMU Kolkata 2020-07-01 623.873 M6621 06890 2020-07-01 Books        
          IMU Kolkata IMU Kolkata 2020-07-15 623.873 M6621 07472 2020-07-15 Books        
          IMU Kolkata IMU Kolkata 2020-07-17 623.873 M6621 07616 2020-07-17 Books        
          IMU Kolkata IMU Kolkata 2020-07-17 623.873 M6621 07617 2023-06-02 Books 1 2023-06-02   2023-11-29
          IMU Kolkata IMU Kolkata 2020-07-17 623.873 M6621 07618 2020-07-17 Books        
          IMU Kolkata IMU Kolkata 2020-07-22 623.873 M6621 07722 2024-05-07 Books 3 2024-04-29 2  
Designed and Maintained by IMU-KC Library, Kolkata Campus © Copyright All Rights Reserved

webs counters

Powered by Koha